000 00638nam a2200217Ia 4500
001 15185
003 GE_BSU
008 181216s||||||||xx |||||||||||||| ||und||
040 _cGE_BSU
080 _a821.353.1-1
100 _aშამანაძე, ნოდარ
245 _aსაწუთრო
245 _bლექსები
245 _cრედ:ლ.თურბანდიშვილი;მხატვ:ო.ჯიშკარიანი
260 _aთბილისი.
260 _bმერანი
260 _c1985
300 _a63გვ;16სმ.
653 _aლექსები
942 _cBK
999 _c48298
_d48298